Jojo's Bizarre Adventure: 9 Dieux glorieux d'Egypte - Statistiques

Statistiques générales
  • Ce quiz a été pris 54 fois
  • Le résultat moyen est 6 sur 9
Statistiques - réponses
Stand Manieur % Correct
Toth Mondatta
97%
Khnoum Zenyatta
97%
Bastet Mariah
69%
Horus Pet Shop
67%
Seth Alessi
64%
Geb N'Doul
59%
Atoum Terence T.D'arby
59%
Anubis Aucun
54%
Osiris Daniel J.D'arby
46%
Aucun quiz correspondant
Distribution des résultats
% des personnes avec chaque résultat
Percentile par nombre de réponses
Votre historique - résultats
Vous n’avez pas pris ce quiz